Miasta w Polsce z końcówką -ek - Statystyki

Ogólne statystyki
  • Ten quiz został rozwiązany 266 razy
    143 od ostatniego zresetowania
  • Średni wynik to 5 z 23
Statystyki odpowiedzi
Miasto % Poprawnych
Szczecinek
53%
Włocławek
47%
Barlinek
40%
Olsztynek
38%
Głogówek
32%
Ciechocinek
30%
Sulejówek
30%
Turek
27%
Lwówek
26%
Opatówek
26%
Milanówek
25%
Zbąszynek
21%
Czaplinek
18%
Koźminek
16%
Chełmek
15%
Osiek
15%
Bisztynek
14%
Piątek
14%
Okonek
13%
Brzostek
12%
Ozimek
12%
Toszek
12%
Szadek
7%
Nie znaleziono quizów pasujących do podanych kryteriów
Rozkład punktacji
Procent ludzi z każdym wynikiem
Percentyl według liczby udzielonych odpowiedzi
Twoja historia wyników
Nie rozwiązałeś tego quizu od ostatniego zresetowania